Instrumente erkennen - einfach bis schwierig - Statistiken

Allgemein
  • Dieses Quiz wurde 314 mal gespielt
  • Das Durchschnittsergebnis liegt bei 10 aus 16
Antwortstatistiken
Bildquiz Hint Antwort % Korrekt
Geige
100%
Gitarre
100%
Klavier
100%
Saxophon
97%
Trompete
96%
Orgel
90%
Das tiefste Blechblasinstrument in einem klassischen Sinfonieorchester Tuba
89%
Cello
85%
Akkordeon
74%
Pauke
62%
Beliebt in der Country-Musik Banjo
57%
Zither
22%
Bassklarinette
20%
Kalimba
14%
Man spielt es, ohne es zu berühren Theremin
13%
Ein traditionelles Instrument von Hirten Schalmei
9%
Keine übereinstimmenden Quizze gefunden
Verteilung der Resultate
Anzahl Personen mit jedem Resultat
Perzentil nach korrekt beantworteten Fragen
Ihre Resultats-Entwicklung
Sie haben dieses Quiz noch nicht gespielt